000 00460nam a2200181Ia 4500
001 8178
005 20260306160550.0
008 260306t2002||||xx |||||||||||||| ||spa||
041 _aESP
082 _a370.117
_bC96
100 _aCummis, J.
_eAUT
245 0 _aLenguaje, poder y pedagogía:
_bniños y niñas bilingues entre dos fuegos
260 _c2002
300 _a351 páginas :
_c24 cm.
650 _aGEN
654 _aCED
942 _cLIB
_dJUS
_fJUS
_2ddc
_n
999 _c8178
_d8178